[Event "Porz 3- Mülheim Nord 3"]
[Site "?"]
[Date "2023.05.14"]
[Round "9.5"]
[White "Kremer, Moritz"]
[Black "Thiemonds, Uli"]
[Result "1/2-1/2"]
[WhiteElo "2005"]
[BlackElo "2064"]
[PlyCount "58"]
[SourceVersionDate "2023.06.22"]

1. d4 e6 2. Nf3 f5 3. Nc3 d5 4. Bf4 Bd6 5. Bxd6 Qxd6 6. Ne5 Nf6 7. e3 O-O 8. a3
b6 9. Nb1 Ba6 10. Bxa6 Nxa6 11. O-O c5 12. c3 Nb8 13. Nd2 Nbd7 14. f4 Ne4 15.
Nxe4 fxe4 16. b4 cxd4 17. cxd4 b5 18. Qe2 a6 19. Rac1 Rac8 20. Nxd7 Qxd7 21.
Rc5 Rxc5 22. bxc5 a5 23. Rb1 Rb8 24. Qd2 Qc7 25. h3 h6 26. h4 g6 27. Qe1 Kh7
28. Rb2 Qd8 29. g3 h5 1/2-1/2

[Event "Porz 3- Mülheim Nord 3"]
[Site "?"]
[Date "2023.05.14"]
[Round "9.7"]
[White "Schlefers, Florian"]
[Black "Wegener, Marcus"]
[Result "0-1"]
[WhiteElo "1746"]
[BlackElo "1985"]
[PlyCount "110"]
[SourceVersionDate "2023.06.22"]

1. e4 c5 2. c3 e5 3. Nf3 Nc6 4. d4 exd4 5. cxd4 cxd4 6. Bc4 Nf6 7. e5 d5 8. Bb3
Ne4 9. Nxd4 Nxd4 10. Qxd4 Bc5 11. Qxd5 Qxd5 12. Bxd5 Nxf2 13. Rf1 Nd3+ 14. Ke2
Nxe5 15. Bf4 Bg4+ 16. Bf3 Nxf3 17. gxf3 Be6 18. Nd2 O-O 19. Be3 Bd6 20. h4 Rfe8
21. b3 Bf5 22. Kf2 Be5 23. Rac1 Bf6 24. Bg5 Bd4+ 25. Kg3 h6 26. Bf4 Re2 27. Rc4
Bb6 28. Ne4 Rxa2 29. Rfc1 Bxe4 30. fxe4 Rd8 31. Rc8 Rxc8 32. Rxc8+ Kh7 33. Rb8
Kg6 34. Rxb7 Rb2 35. h5+ Kxh5 36. Rxf7 Rxb3+ 37. Kg2 g5 38. Bb8 a5 39. e5 Bc5
40. Bd6 Bxd6 41. exd6 Rd3 42. Ra7 Rxd6 43. Rxa5 Kh4 44. Ra4+ g4 45. Ra2 Rd3 46.
Rb2 h5 47. Ra2 Rg3+ 48. Kh2 Rf3 49. Kg2 Kg5 50. Ra5+ Rf5 51. Ra8 h4 52. Ra4 Re5
53. Ra8 Re2+ 54. Kf1 Rd2 55. Kg1 h3 0-1

[Event "Krefeld- Werden"]
[Site "?"]
[Date "2023.05.14"]
[Round "9.1"]
[White "Kaufeld, Juergen"]
[Black "Gutkin, Ilya"]
[Result "1/2-1/2"]
[WhiteElo "2287"]
[BlackElo "2271"]
[Annotator "daniel"]
[PlyCount "44"]
[SourceVersionDate "2023.06.22"]

1. e4 e6 2. d4 d5 3. Nc3 Nf6 4. Bg5 dxe4 5. Nxe4 Be7 6. Bxf6 gxf6 7. Qd2 f5 8.
Nc3 a6 9. g3 c5 10. Nf3 cxd4 11. Nxd4 Nc6 12. Nxc6 $11 Qxd2+ 13. Kxd2 bxc6 14.
Bg2 Bb7 15. Na4 O-O-O+ 16. Ke2 Rd4 17. b3 c5 18. Bxb7+ Kxb7 19. Rhd1 Kc6 20.
Rxd4 cxd4 21. c3 dxc3 22. Rc1 Bb4 1/2-1/2

[Event "Krefeld- Werden"]
[Site "?"]
[Date "2023.05.14"]
[Round "9.2"]
[White "Ricken, Katharina"]
[Black "Berger, Konstantin"]
[Result "1/2-1/2"]
[WhiteElo "2150"]
[BlackElo "2079"]
[PlyCount "25"]
[SourceVersionDate "2023.06.22"]

1. Nf3 Nf6 2. g3 g6 3. b3 b6 4. Bb2 Bg7 5. Bg2 Bb7 6. O-O O-O 7. c4 c5 8. d4 d5
9. dxc5 dxc4 10. Qxd8 Rxd8 11. cxb6 axb6 12. bxc4 Ra4 13. Rc1 1/2-1/2

[Event "Krefeld- Werden"]
[Site "?"]
[Date "2023.05.14"]
[Round "9.3"]
[White "Kauch, Markus"]
[Black "Van der Valk, Niklas"]
[Result "1/2-1/2"]
[WhiteElo "2135"]
[BlackElo "2127"]
[PlyCount "27"]
[SourceVersionDate "2023.06.22"]

1. Nf3 f5 2. d3 Nf6 3. e4 fxe4 4. dxe4 Nxe4 5. Bd3 Nf6 6. Ng5 g6 7. h4 d5 8. h5
Bg4 9. f3 Bxh5 10. g4 Qd6 11. gxh5 Nxh5 12. Nc3 Nc6 13. Ne2 Bg7 14. c3 1/2-1/2

[Event "Krefeld- Werden"]
[Site "?"]
[Date "2023.05.14"]
[Round "9.4"]
[White "Panjer, Sidney"]
[Black "Roth, Markus"]
[Result "1/2-1/2"]
[WhiteElo "2064"]
[BlackElo "2190"]
[PlyCount "55"]
[SourceVersionDate "2023.06.22"]

1. Nf3 Nf6 2. c4 c5 3. g3 d5 4. cxd5 Nxd5 5. Bg2 Nc6 6. d4 cxd4 7. Nxd4 Ndb4 8.
Nxc6 Qxd1+ 9. Kxd1 Nxc6 10. Nc3 Bd7 11. Be3 g6 12. Rc1 Bg7 13. Ke1 O-O 14. f4
e5 15. Kf2 exf4 16. gxf4 Be6 17. Na4 Nd4 18. b3 Rab8 19. Rc7 b5 20. Nc5 Rfe8
21. Nxe6 Nxe6 22. Rxa7 Nxf4 23. Bc6 Nh3+ 24. Kf3 Re5 25. Rd1 Bf8 26. Bd4 Rf5+
27. Kg4 Ng5 28. e4 1/2-1/2

[Event "Krefeld- Werden"]
[Site "?"]
[Date "2023.05.14"]
[Round "9.5"]
[White "Huette, Stefan"]
[Black "Van Gool, Rudi"]
[Result "1/2-1/2"]
[WhiteElo "2039"]
[BlackElo "2145"]
[PlyCount "55"]
[SourceVersionDate "2023.06.22"]

1. e4 e6 2. d4 d5 3. exd5 exd5 4. Bd3 Bd6 5. Nf3 Ne7 6. Bg5 Nbc6 7. c3 f6 8.
Bh4 Bf5 9. Bg3 O-O 10. O-O Bxg3 11. hxg3 Qd7 12. Qc2 Bxd3 13. Qxd3 Nf5 14. Re1
Nd6 15. Nbd2 a5 16. Re2 Rfe8 17. Rae1 Rxe2 18. Rxe2 a4 19. Ne1 Na5 20. Nc2 Nac4
21. Nxc4 Nxc4 22. Ne3 Nxe3 23. Qxe3 Kf7 24. Qf3 g6 25. Qf4 Ra6 26. Qh6 Kg8 27.
Qe3 Kf7 28. Qh6 1/2-1/2

[Event "Krefeld- Werden"]
[Site "?"]
[Date "2023.05.14"]
[Round "9.6"]
[White "Fehmer, Carsten"]
[Black "Rehfeldt, Jens"]
[Result "1/2-1/2"]
[WhiteElo "2120"]
[BlackElo "2043"]
[Annotator "daniel"]
[PlyCount "37"]
[SourceVersionDate "2023.06.22"]

1. Nf3 d5 2. g3 Nc6 3. d4 Bf5 4. Bg2 Nb4 5. Na3 e6 6. c3 Na6 7. O-O Nf6 8. Qb3
Rb8 9. Nh4 Bg6 10. Re1 c6 $11 11. Bg5 Be7 12. Nxg6 hxg6 13. Bxf6 Bxf6 14. e4
O-O 15. Rad1 Qc7 16. c4 dxe4 17. Bxe4 Rfd8 18. Nc2 Rd7 19. Bf3 1/2-1/2

[Event "Krefeld- Werden"]
[Site "?"]
[Date "2023.05.14"]
[Round "9.7"]
[White "Mann, Gergely"]
[Black "Thomas, Ingo"]
[Result "1/2-1/2"]
[WhiteElo "2074"]
[BlackElo "2095"]
[PlyCount "30"]
[SourceVersionDate "2023.06.22"]

1. d4 d5 2. Bf4 Nf6 3. e3 e6 4. Nf3 Bd6 5. Ne5 O-O 6. Nd2 c5 7. c3 Qc7 8. Bd3
Nbd7 9. Ndf3 b6 10. Qe2 Ne4 11. Nxd7 Bxd7 12. Bxe4 dxe4 13. Bxd6 Qxd6 14. Ne5
Bc8 15. a4 Bb7 1/2-1/2

[Event "Krefeld- Werden"]
[Site "?"]
[Date "2023.05.14"]
[Round "9.8"]
[White "Guddat, Joachim"]
[Black "Mohnke, Martin"]
[Result "0-1"]
[WhiteElo "2104"]
[BlackElo "2014"]
[PlyCount "70"]
[SourceVersionDate "2023.06.22"]

1. d4 Nf6 2. Nf3 e6 3. c4 Bb4+ 4. Bd2 Bxd2+ 5. Nbxd2 d6 6. e3 b6 7. Be2 Bb7 8.
O-O Nbd7 9. b4 c5 10. Qb3 O-O 11. Rfd1 Qe7 12. a4 Rab8 13. a5 bxa5 14. Rxa5 a6
15. dxc5 Nxc5 16. Qa3 Nce4 17. Nxe4 Nxe4 18. Nd2 Nxd2 19. Rxd2 Rfc8 20. Bf1 g6
21. f3 h5 22. e4 Qc7 23. c5 dxc5 24. bxc5 Rd8 25. Rd6 Rbc8 26. e5 Kg7 27. Bxa6
Bxa6 28. Raxa6 Rxd6 29. cxd6 Qc2 30. Qe3 Qd1+ 31. Kf2 Rc2+ 32. Kg3 Qf1 33. Qf4
Rxg2+ 34. Kh4 g5+ 35. Kxh5 gxf4 0-1

[Event "Kamen- Bonn"]
[Site "?"]
[Date "2023.05.14"]
[Round "9.1"]
[White "Dehmel, Jens"]
[Black "Luetke, Jens"]
[Result "1/2-1/2"]
[WhiteElo "2039"]
[BlackElo "2188"]
[PlyCount "33"]
[SourceVersionDate "2023.06.22"]

1. d4 Nf6 2. c4 e6 3. Nc3 Bb4 4. Qc2 O-O 5. a3 Bxc3+ 6. Qxc3 b6 7. Bg5 h6 8.
Bh4 Bb7 9. f3 c5 10. dxc5 bxc5 11. e3 d6 12. O-O-O Qe7 13. Bd3 Nbd7 14. Ne2
Rfd8 15. Bc2 Bc6 16. Qd3 Ne5 17. Qh7+ 1/2-1/2

[Event "Kamen- Bonn"]
[Site "?"]
[Date "2023.05.14"]
[Round "9.2"]
[White "Himmel, Hansjoerg"]
[Black "Suppert, Timur"]
[Result "1/2-1/2"]
[WhiteElo "2243"]
[BlackElo "2125"]
[PlyCount "130"]
[SourceVersionDate "2023.06.22"]

1. d4 f5 2. Bg5 h6 3. Bh4 g5 4. e3 Nf6 5. Bg3 d6 6. h4 g4 7. h5 Nc6 8. Nc3 Bg7
9. Nge2 e5 10. dxe5 dxe5 11. Qxd8+ Kxd8 12. Rd1+ Bd7 13. Nc1 Ne8 14. Nd5 a6 15.
Nd3 b6 16. N3b4 Nxb4 17. Nxb4 Nd6 18. Bh4+ Kc8 19. Bxa6+ Kb8 20. Be7 Bb5 21.
Bxb5 Nxb5 22. b3 Nc3 23. Rd2 Re8 24. Bh4 Bf8 25. Nd3 Rxa2 26. O-O Ne4 27. Rdd1
Rxc2 28. Nxe5 Nd2 29. Nc6+ Kb7 30. Nd4 Rb2 31. Rfe1 Nxb3 32. Nxf5 Nc5 33. Bf6
Ra2 34. Ng3 Bd6 35. Nf5 Be5 36. Bxe5 Rxe5 37. Nxh6 g3 38. fxg3 Rxh5 39. Nf7 Ne4
40. g4 Rh4 41. Ra1 Rxa1 42. Rxa1 Rxg4 43. Ne5 Rg7 44. Ra4 Nc5 45. Rf4 b5 46. g4
Nd7 47. Nxd7 Rxd7 48. g5 c5 49. g6 Kc6 50. Kf2 b4 51. Rf7 Rd6 52. g7 Rg6 53.
Ke2 Kd5 54. Kf3 b3 55. Kf4 Kc4 56. Kf5 Rg1 57. Kf6 Kd3 58. Rb7 c4 59. Rb5 Rxg7
60. Kxg7 Kxe3 61. Kf6 Kd4 62. Kf5 c3 63. Rb4+ Kd3 64. Rxb3 Kd2 65. Rxc3 Kxc3
1/2-1/2

[Event "Kamen- Bonn"]
[Site "?"]
[Date "2023.05.14"]
[Round "9.3"]
[White "Limp, Roland"]
[Black "Weidemann, Christian"]
[Result "1/2-1/2"]
[WhiteElo "1943"]
[BlackElo "2217"]
[PlyCount "31"]
[SourceVersionDate "2023.06.22"]

1. c4 e5 2. Nc3 Bb4 3. Nf3 Bxc3 4. bxc3 e4 5. Nd4 Nf6 6. g3 O-O 7. Bg2 c5 8.
Nc2 Re8 9. O-O d5 10. cxd5 Qxd5 11. d3 Nc6 12. dxe4 Qxd1 13. Rxd1 Nxe4 14. Bb2
Bf5 15. Ne3 Bg6 16. Rd7 1/2-1/2

[Event "Kamen- Bonn"]
[Site "?"]
[Date "2023.05.14"]
[Round "9.4"]
[White "Georg, Heinz"]
[Black "Horstmann, Olaf"]
[Result "1/2-1/2"]
[WhiteElo "2118"]
[BlackElo "2138"]
[PlyCount "122"]
[SourceVersionDate "2023.06.22"]

1. e4 e6 2. c4 d5 3. cxd5 exd5 4. exd5 Nf6 5. Bb5+ Nbd7 6. Nc3 Be7 7. d4 O-O 8.
Nf3 Nb6 9. O-O Bg4 10. h3 Bh5 11. g4 Bg6 12. Ne5 Nfxd5 13. f4 f6 14. Nxg6 hxg6
15. Bd3 f5 16. gxf5 gxf5 17. Kh2 Bd6 18. Nxd5 Nxd5 19. Bc4 c6 20. Bxd5+ cxd5
21. Qb3 Rf7 22. Bd2 Rc8 23. Rac1 Rxc1 24. Bxc1 Kh8 25. Kg2 Bc7 26. Qxb7 Rf6 27.
Rf3 Rg6+ 28. Kf1 Bb6 29. Qf7 Rf6 30. Qh5+ Kg8 31. Re3 g6 32. Qd1 Qc7 33. Rc3
Rc6 34. Qc2 Rxc3 35. Qxc3 Qe7 36. Qe3 Qd7 37. b3 Qb5+ 38. Kg2 Kf7 39. Ba3 Bd8
40. Bc5 a6 41. Qe5 Qd7 42. Qh8 Qe8 43. Qe5 Qd7 44. a4 Bc7 45. Qh8 Qe8 46. Qxe8+
Kxe8 47. Kf3 Kd7 48. Bb4 Bd8 49. Bd2 Bf6 50. Ke3 Kc6 51. Kd3 Be7 52. Kc3 Kb6
53. b4 Bd6 54. Kb3 Kc6 55. Kc3 Be7 56. Kd3 Bh4 57. Ke2 Bf6 58. Ke3 Bh4 59. Kf3
Bf6 60. Be3 Be7 61. Bd2 Bf6 1/2-1/2

[Event "Kamen- Bonn"]
[Site "?"]
[Date "2023.05.14"]
[Round "9.5"]
[White "Vibhor, Sharma"]
[Black "Seepe, Udo"]
[Result "1/2-1/2"]
[WhiteElo "1853"]
[BlackElo "2120"]
[PlyCount "98"]
[SourceVersionDate "2023.06.22"]

1. e4 c5 2. Nc3 g6 3. d3 Bg7 4. Be3 d6 5. Qd2 Nc6 6. g3 Bd7 7. Bg2 Rb8 8. Nge2
h6 9. O-O Nf6 10. h3 Kf8 11. f4 Kg8 12. g4 Ne8 13. Ng3 Nc7 14. f5 b5 15. Qc1
Nd4 16. Nce2 e5 17. Qd2 b4 18. Rf2 Ne8 19. Raf1 g5 20. Nh5 Nxe2+ 21. Rxe2 f6
22. c3 Bf8 23. d4 Bb5 24. Rd1 bxc3 25. bxc3 cxd4 26. cxd4 Bxe2 27. Qxe2 Rh7 28.
dxe5 fxe5 29. Qf2 Nf6 30. Nxf6+ Qxf6 31. Bxa7 Ra8 32. Be3 Rc7 33. Bf1 Rac8 34.
a4 Rc2 35. Rd2 Rxd2 36. Qxd2 Qf7 37. a5 Qb7 38. a6 Qxe4 39. a7 d5 40. Bg2 Qb1+
41. Kh2 d4 42. a8=Q Rxa8 43. Bxa8 dxe3 44. Qd5+ Kh8 45. Qxe5+ Kh7 46. f6 Qa2+
47. Bg2 Qf2 48. Kh1 Qe1+ 49. Kh2 Qf2 1/2-1/2

[Event "Kamen- Bonn"]
[Site "?"]
[Date "2023.05.14"]
[Round "9.6"]
[White "Georg, Felix"]
[Black "Wahl, Felix"]
[Result "1-0"]
[WhiteElo "2051"]
[BlackElo "2076"]
[Annotator "daniel"]
[PlyCount "69"]
[SourceVersionDate "2023.06.22"]

1. c4 c5 2. Nc3 Nc6 3. g3 g6 4. Bg2 Bg7 5. a3 d6 6. Rb1 a5 7. e3 e5 8. Nge2
Nge7 9. Nd5 O-O 10. Nec3 Be6 11. O-O f5 12. d3 Rb8 13. Bd2 g5 14. f4 gxf4 15.
gxf4 Ng6 16. Be1 exf4 17. Nxf4 Nxf4 18. exf4 Nd4 19. b4 axb4 20. axb4 b5 21.
Nd5 Kh8 22. Kh1 Qd7 23. Rf2 Rfc8 24. bxc5 dxc5 25. Ra2 b4 26. Ra6 Rc6 27. Qa4
Rxa6 28. Qxa6 Qc8 29. Qd6 Qf8 30. Qc7 Rc8 31. Qb7 $11 Qd6 32. Bh4 Rb8 33. Qa7
Bxd5 34. Bxd5 b3 35. Rg1 1-0

[Event "Katernberg 2- Bielefeld"]
[Site "?"]
[Date "2023.05.14"]
[Round "9.1"]
[White "Forchert, Martin"]
[Black "Gassmann, Volker"]
[Result "1-0"]
[WhiteElo "2313"]
[BlackElo "2148"]
[PlyCount "79"]
[SourceVersionDate "2023.06.22"]

1. e4 c6 2. Nc3 d5 3. Nf3 dxe4 4. Nxe4 Nf6 5. Qe2 Nxe4 6. Qxe4 Qd5 7. Qh4 Qe6+
8. Be2 Qg4 9. O-O Qxh4 10. Nxh4 g6 11. Bc4 b5 12. Bb3 Nd7 13. d4 Bg7 14. Nf3
O-O 15. Re1 e6 16. a4 Bb7 17. Be3 a5 18. c3 Rfe8 19. Ng5 bxa4 20. Rxa4 Nb6 21.
Raa1 a4 22. Bc2 f5 23. Bf4 Bc8 24. Bc7 Nd5 25. Bd6 h6 26. Nf3 Nb6 27. Bc5 Rb8
28. Bxb6 Rxb6 29. Bxa4 Rxb2 30. Bxc6 Rd8 31. h4 Bf6 32. Reb1 Rc2 33. Ra3 Be7
34. Rab3 Kg7 35. g3 Ba6 36. Ne5 Bd6 37. Ra1 Bxe5 38. Rxa6 Bb8 39. Ra8 Rd6 40.
Raxb8 1-0

[Event "Katernberg 2- Bielefeld"]
[Site "?"]
[Date "2023.05.14"]
[Round "9.2"]
[White "Villwock, Martin"]
[Black "Gruen, Gerd"]
[Result "0-1"]
[WhiteElo "2086"]
[BlackElo "2271"]
[PlyCount "70"]
[SourceVersionDate "2023.06.22"]

1. e4 e5 2. Nf3 Nc6 3. Nc3 Nf6 4. d4 exd4 5. Nd5 Be7 6. Bc4 d6 7. Nxd4 Nxd5 8.
Bxd5 Nxd4 9. Qxd4 O-O 10. O-O Bf6 11. Qd3 Rb8 12. c3 Be6 13. Be3 a6 14. Rad1
Qd7 15. Ba7 Rbe8 16. Bd4 Bxd5 17. exd5 Bxd4 18. Qxd4 Re2 19. Rfe1 Rxb2 20. c4
Rxa2 21. Rd3 Re8 22. Rde3 Rxe3 23. Rxe3 h6 24. h4 b5 25. Rg3 f6 26. Qxf6 bxc4
27. Qd4 Re2 28. Qxc4 Qe7 29. Rg4 a5 30. g3 Rd2 31. Rf4 Qe1+ 32. Kg2 Rd1 33. Kf3
Qh1+ 34. Kg4 Qxd5 35. Qxd5+ Rxd5 0-1

[Event "Katernberg 2- Bielefeld"]
[Site "?"]
[Date "2023.05.14"]
[Round "9.3"]
[White "Simon, Hans- Christian"]
[Black "Scheck, Kyrill"]
[Result "1/2-1/2"]
[WhiteElo "2159"]
[BlackElo "2169"]
[PlyCount "65"]
[SourceVersionDate "2023.06.22"]

1. Nf3 Nf6 2. g3 g6 3. Bg2 Bg7 4. d4 O-O 5. O-O d5 6. c4 dxc4 7. Na3 c3 8. bxc3
c5 9. Re1 Nc6 10. Bb2 Rb8 11. Nc4 Be6 12. Nfe5 Nxe5 13. Nxe5 cxd4 14. cxd4 Nd7
15. Nd3 Bc4 16. Qc2 Ba6 17. e3 Qa5 18. Rec1 Rfd8 19. Qb3 Bxd3 20. Qxd3 e5 21.
Qc3 Qxc3 22. Bxc3 exd4 23. Bxd4 Bxd4 24. exd4 Nb6 25. Rc7 Nd5 26. Bxd5 Rxd5 27.
Re1 Rxd4 28. Ree7 Rf8 29. Rxb7 a6 30. Rb6 Ra4 31. Ra7 Rxa2 32. Rbxa6 Rxa6 33.
Rxa6 1/2-1/2

[Event "Katernberg 2- Bielefeld"]
[Site "?"]
[Date "2023.05.14"]
[Round "9.4"]
[White "Irkilmez, Yakub"]
[Black "Goeßling, Guido"]
[Result "1/2-1/2"]
[WhiteElo "2123"]
[BlackElo "2186"]
[PlyCount "87"]
[SourceVersionDate "2023.06.22"]

1. d4 d5 2. Nf3 Nf6 3. Bf4 c5 4. e3 Nc6 5. c3 Qb6 6. Qc2 g6 7. Nbd2 Bf5 8. dxc5
Qxc5 9. Qb3 Na5 10. Qb5+ Qxb5 11. Bxb5+ Bd7 12. a4 a6 13. Be2 Nc6 14. O-O Bg7
15. Rfd1 O-O 16. e4 Rfd8 17. exd5 Nxd5 18. Bg3 Rac8 19. Ne4 Be8 20. a5 h6 21.
Nc5 Nxa5 22. Rxa5 b6 23. Bxa6 bxa5 24. Bxc8 Rxc8 25. Rxd5 Bc6 26. Re5 Bxf3 27.
Rxe7 Rxc5 28. gxf3 Rb5 29. Re8+ Kh7 30. Rb8 Rxb8 31. Bxb8 a4 32. Bd6 g5 33. Kf1
Kg6 34. Ke2 Kf5 35. Kd3 Ke6 36. Ba3 Kd5 37. h3 f5 38. Be7 Ke6 39. Bd8 Kd5 40.
Bb6 Bf6 41. Bd4 Be7 42. f4 gxf4 43. f3 h5 44. c4+ 1/2-1/2

[Event "Katernberg 2- Bielefeld"]
[Site "?"]
[Date "2023.05.14"]
[Round "9.5"]
[White "Beilfuß, Wilfried"]
[Black "Dahm, Bernd"]
[Result "1/2-1/2"]
[WhiteElo "2113"]
[BlackElo "2120"]
[PlyCount "27"]
[SourceVersionDate "2023.06.22"]

1. g3 c5 2. Bg2 Nc6 3. Nf3 g6 4. c3 Bg7 5. d4 cxd4 6. cxd4 d5 7. Nc3 Nf6 8. O-O
O-O 9. Ne5 e6 10. Bg5 h6 11. Nxc6 bxc6 12. Bf4 Re8 13. Qd2 Kh7 14. Rac1 1/2-1/2

[Event "Katernberg 2- Bielefeld"]
[Site "?"]
[Date "2023.05.14"]
[Round "9.6"]
[White "Melde, Benjamin"]
[Black "Danielmeier, Ralf"]
[Result "1-0"]
[WhiteElo "2143"]
[BlackElo "2043"]
[PlyCount "67"]
[SourceVersionDate "2023.06.22"]

1. c4 e5 2. g3 d6 3. Bg2 f5 4. d4 Be7 5. Nc3 Nf6 6. Nf3 e4 7. Ng5 c6 8. d5 h6
9. Nh3 Nbd7 10. O-O O-O 11. f3 exf3 12. exf3 c5 13. Nf4 Ne5 14. b3 Ne8 15. Re1
Nc7 16. Qc2 g5 17. Nfe2 Ng6 18. h4 Qe8 19. hxg5 hxg5 20. f4 g4 21. a4 a5 22.
Be3 Qf7 23. Rad1 b6 24. Kf2 Bd7 25. Rh1 Kg7 26. Nb5 Bxb5 27. axb5 Rh8 28. Bd2
Rxh1 29. Rxh1 Nf8 30. Bf1 Kg6 31. Nc3 Bf6 32. Bd3 Bd4+ 33. Kg2 Re8 34. Bxf5+
1-0

[Event "Katernberg 2- Bielefeld"]
[Site "?"]
[Date "2023.05.14"]
[Round "9.7"]
[White "Roemhild, Marcus"]
[Black "Dette, Jan"]
[Result "0-1"]
[WhiteElo "2066"]
[BlackElo "2064"]
[PlyCount "104"]
[SourceVersionDate "2023.06.22"]

1. d4 Nf6 2. Nc3 d5 3. Bf4 c5 4. e3 cxd4 5. exd4 a6 6. Be2 Nc6 7. Nf3 Bg4 8.
O-O Bxf3 9. Bxf3 e6 10. Rb1 Be7 11. Re1 O-O 12. a3 Rc8 13. Qd3 Qa5 14. Ne2 b5
15. c3 Qb6 16. Ng3 Na5 17. Bd1 Nd7 18. Nf5 Bf6 19. Ne3 Nc4 20. Bc2 g6 21. Ng4
Bg7 22. Bh6 Bxh6 23. Nxh6+ Kg7 24. Ng4 Qc7 25. g3 a5 26. Bb3 h5 27. Ne3 Ndb6
28. f4 Nd6 29. Bd1 Nbc4 30. Bf3 Nxe3 31. Rxe3 Qc4 32. Qd1 Nf5 33. Rd3 Rc7 34.
Kf2 Rfc8 35. h3 b4 36. axb4 axb4 37. Qe2 Qa2 38. Rc1 Rc4 39. Rc2 Qa7 40. g4
hxg4 41. hxg4 Nxd4 42. Qe3 Nb5 43. Qxa7 Nxa7 44. f5 bxc3 45. fxe6 cxb2 46. Rxb2
Rc2+ 47. Rd2 Rxd2+ 48. Rxd2 fxe6 49. Ke3 g5 50. Bxd5 exd5 51. Rxd5 Re8+ 52. Kd4
Rd8 0-1

[Event "Katernberg 2- Bielefeld"]
[Site "?"]
[Date "2023.05.14"]
[Round "9.8"]
[White "Korchynskyi, Mykola"]
[Black "Doering, Carsten"]
[Result "1-0"]
[WhiteElo "2164"]
[BlackElo "2009"]
[PlyCount "91"]
[SourceVersionDate "2023.06.22"]

1. d4 Nf6 2. c4 g6 3. Nc3 Bg7 4. e4 d6 5. Be2 Nbd7 6. Be3 e5 7. d5 Nc5 8. f3 a5
9. g4 h5 10. g5 Nh7 11. h4 O-O 12. Qd2 f6 13. gxf6 Bxf6 14. Bf2 Qe7 15. O-O-O
Bd7 16. Rh2 Kh8 17. Kb1 b6 18. Qe1 Rf7 19. Nh3 Rg8 20. Bg3 Bg7 21. Nf2 Bh6 22.
Nd3 Nxd3 23. Rxd3 Bf4 24. Rd1 Qf6 25. Bxf4 Qxf4 26. Qf2 Nf6 27. Qg2 g5 28. hxg5
Rxg5 29. Qh1 Rh7 30. Rh4 Qg3 31. Rf1 Qg2 32. Qxg2 Rxg2 33. f4 Nxe4 34. Nxe4
Rxe2 35. Ng5 Bf5+ 36. Ka1 Re7 37. Rxh5+ Kg8 38. Rg1 Rg7 39. Rgh1 Kf8 40. fxe5
Rxe5 41. Nf3 Be4 42. Rh8+ Ke7 43. Nxe5 dxe5 44. Re1 Kd6 45. Rh6+ Kc5 46. b4+
1-0

[Event "Köln- Letmathe"]
[Site "?"]
[Date "2023.05.14"]
[Round "9.1"]
[White "Haub, Thorsten"]
[Black "Wiekert, Martin"]
[Result "1/2-1/2"]
[WhiteElo "2393"]
[BlackElo "2230"]
[PlyCount "69"]
[SourceVersionDate "2023.06.22"]

1. Nf3 d5 2. g3 Nf6 3. Bg2 e6 4. O-O Be7 5. d3 c5 6. Nbd2 b5 7. e4 Bb7 8. Re1
Nc6 9. exd5 Nxd5 10. Nb3 O-O 11. Qe2 a6 12. c4 Nf6 13. Be3 Nd7 14. Rec1 Na5 15.
Nbd2 bxc4 16. Nxc4 Rc8 17. h4 h6 18. Rc2 Re8 19. Rac1 Nxc4 20. dxc4 Nf6 21. Rc3
Be4 22. Bf4 Qb6 23. Be5 Qb7 24. Re3 Bc6 25. Bh3 Nd7 26. Bc3 Rcd8 27. Ne5 Nxe5
28. Bxe5 Bf8 29. Bc3 Rd6 30. Kh2 Red8 31. Rg1 Be7 32. Qg4 Bf8 33. Qe2 Be7 34.
Qg4 Bf8 35. Qe2 1/2-1/2

[Event "Köln- Letmathe"]
[Site "?"]
[Date "2023.05.14"]
[Round "9.2"]
[White "Paris, Michael"]
[Black "Bosch, Jeroen"]
[Result "1/2-1/2"]
[WhiteElo "2128"]
[BlackElo "2408"]
[Annotator "daniel"]
[PlyCount "101"]
[SourceVersionDate "2023.06.22"]

1. d4 Nf6 2. Nf3 d6 3. Nc3 Bf5 4. Nh4 Bd7 5. e4 e5 6. Nf3 exd4 7. Nxd4 Be7 8.
Be2 Nc6 9. Bf4 O-O 10. O-O Re8 11. Bf3 Ne5 12. Nd5 Nxd5 13. exd5 Bg5 14. Qd2
Nc4 15. Qc1 Bxf4 16. Qxf4 g5 17. Qc1 Qf6 18. c3 Ne5 19. Be2 Ng6 20. g3 Re5 21.
Bf3 Rae8 22. Qd2 Bh3 23. Rfe1 Kf8 24. Bh1 h6 25. Nf3 R5e7 26. Rxe7 Rxe7 27. Re1
a6 28. Rxe7 Nxe7 29. Qd3 Ke8 30. Bg2 Bf5 31. Qc4 Kd8 32. Qb4 Bc8 33. Qd4 Qxd4
34. Nxd4 b5 35. b3 Bb7 36. c4 bxc4 37. bxc4 Bc8 38. Be4 $11 Bd7 39. Kf1 Kc8 40.
Ke1 Kb7 41. Kd2 Kb6 42. Kc3 a5 43. a3 Bh3 44. Bd3 Bg2 45. Bc2 Kc5 46. Nb3+ Kb6
47. Nd4 Ng8 48. Bf5 Ne7 49. Bc2 Kc5 50. Nb3+ Kb6 51. Nd4 1/2-1/2

[Event "Köln- Letmathe"]
[Site "?"]
[Date "2023.05.14"]
[Round "9.3"]
[White "Soukup, Jiri"]
[Black "Nagel, Bernhard"]
[Result "1-0"]
[WhiteElo "2358"]
[BlackElo "2150"]
[PlyCount "113"]
[SourceVersionDate "2023.06.22"]

1. Nf3 d5 2. d4 e6 3. g3 Nf6 4. Bg2 b5 5. O-O a5 6. a4 b4 7. c4 bxc3 8. Nxc3
Ba6 9. Re1 Bb4 10. Ne5 c6 11. Bf4 Qb6 12. e3 O-O 13. g4 Nfd7 14. Nd3 Be7 15. g5
Bxd3 16. Qxd3 Na6 17. e4 Nb4 18. Qd2 Qd8 19. exd5 cxd5 20. Nb5 Na6 21. Rec1 Bb4
22. Qd3 Qb6 23. Rc2 Rfc8 24. Rac1 Rxc2 25. Qxc2 Nf8 26. Bf1 Ng6 27. Bg3 Bf8 28.
h4 Nb4 29. Qb3 Ne7 30. Bc7 Qb7 31. Nd6 Qa7 32. Qf3 Nf5 33. Nxf5 exf5 34. Be5
Qd7 35. Bb5 Qe6 36. Rc7 Bd6 37. Bxd6 Qxd6 38. Qc3 g6 39. Qc1 Qe6 40. Qe3 Qd6
41. Qe5 Qxe5 42. dxe5 Rd8 43. Kf1 d4 44. Bc4 Nd5 45. Ra7 d3 46. Ke1 d2+ 47. Kd1
Nf4 48. Rxf7 Kh8 49. e6 Nh3 50. Rd7 Nxf2+ 51. Kxd2 Ne4+ 52. Ke3 Re8 53. e7 Kg7
54. Rd8 Nd6 55. Rxd6 Rxe7+ 56. Kd3 f4 57. Be6 1-0

[Event "Köln- Letmathe"]
[Site "?"]
[Date "2023.05.14"]
[Round "9.4"]
[White "Kloss, Henning"]
[Black "Schleining, Zoya"]
[Result "0-1"]
[WhiteElo "2190"]
[BlackElo "2334"]
[PlyCount "102"]
[SourceVersionDate "2023.06.22"]

1. d4 d6 2. e4 Nf6 3. f3 c5 4. Bb5+ Bd7 5. Bxd7+ Nbxd7 6. Ne2 e6 7. Nbc3 cxd4
8. Nxd4 Be7 9. Qe2 O-O 10. Be3 Nb6 11. Nb3 d5 12. O-O-O Bb4 13. Bd4 Rc8 14. Qb5
Bxc3 15. Bxc3 Qc7 16. Qd3 dxe4 17. fxe4 Rfd8 18. Qf3 e5 19. Rxd8+ Rxd8 20. Qf5
Nc4 21. Nd2 Nxd2 22. Bxd2 Qc4 23. Qxe5 Qxa2 24. Qa5 Qxa5 25. Bxa5 b6 26. e5 Ng4
27. Bc3 Rd5 28. Rd1 Rxd1+ 29. Kxd1 Nxh2 30. Ke2 Kf8 31. Ke3 Ke7 32. Kf4 h5 33.
b3 Ke6 34. Bb2 Ng4 35. Bd4 Nh6 36. c4 Nf5 37. Bf2 Ne7 38. Bd4 Nc6 39. Bc3 a6
40. Ke4 b5 41. cxb5 axb5 42. Kf4 b4 43. Be1 Nxe5 44. Ke4 Nc6 45. Bd2 f6 46. Be1
g5 47. Bd2 h4 48. Be3 f5+ 49. Kd3 f4 50. Bc5 Kd5 51. Bf8 f3 0-1

[Event "Köln- Letmathe"]
[Site "?"]
[Date "2023.05.14"]
[Round "9.5"]
[White "Mollema, Thomas"]
[Black "Loseries, Uwe"]
[Result "1-0"]
[WhiteElo "2246"]
[BlackElo "2163"]
[PlyCount "53"]
[SourceVersionDate "2023.06.22"]

1. Nf3 Nf6 2. c4 g6 3. b3 Bg7 4. Bb2 O-O 5. e3 d6 6. d4 Nbd7 7. Nc3 e5 8. Bd3
Re8 9. Bc2 c6 10. d5 c5 11. Nd2 Nf8 12. h3 Kh8 13. g4 Ng8 14. Qf3 Nh6 15. e4 f5
16. exf5 e4 17. Ndxe4 gxf5 18. gxf5 Nxf5 19. O-O-O Nd4 20. Rxd4 Bxd4 21. Nb5
Bxb2+ 22. Kxb2 Ng6 23. Qc3+ Kg8 24. Nf6+ Kf7 25. Nxe8 Kxe8 26. Bxg6+ hxg6 27.
Qg7 1-0

[Event "Köln- Letmathe"]
[Site "?"]
[Date "2023.05.14"]
[Round "9.6"]
[White "Cramer, Volker"]
[Black "Gruermann, Martin"]
[Result "0-1"]
[WhiteElo "2072"]
[BlackElo "2216"]
[PlyCount "44"]
[SourceVersionDate "2023.06.22"]

1. d4 Nf6 2. Bg5 c5 3. d5 Qb6 4. Nc3 g6 5. d6 Bg7 6. Qd3 O-O 7. dxe7 Re8 8.
O-O-O Nc6 9. Qb5 Nxe7 10. Be3 d6 11. Qxb6 axb6 12. Kb1 Be6 13. a3 Ng4 14. Rxd6
Nf5 15. Rxb6 Nfxe3 16. Nh3 Bxc3 17. fxe3 Ba5 18. Rxb7 Nxe3 19. Nf4 Bf5 20. Nd3
c4 21. Nb4 Bxb4 22. Rxb4 Nxc2 0-1